| 000 | 00330nam a2200121Ia 4500 | ||
|---|---|---|---|
| 008 | 150202s9999 xx 000 0 und d | ||
| 050 |
_aFIC _bFIC |
||
| 100 | _aPascal, Francine. | ||
| 245 |
_aSVU spy girl / _cFrancine Pascal. |
||
| 260 |
_aNew York : _bBantam Books, _c1997. |
||
| 300 |
_a232 pages : _c18 cm. |
||
| 650 | _aFiction. | ||
| 999 |
_c282315 _d282315 |
||